Opera [de Melchor Cano] : tomus I /

Guardado en:
書目詳細資料
主要作者: Cano, Melchor, Fray (autor)
其他作者: Serry, Hyacintho (prefacio y prólogo) (prefacio y prólogo)
格式: 圖書
語言:拉丁语
主題:
標簽: 添加標簽
沒有標簽, 成為第一個標記此記錄!

MARC

LEADER 00000nam^a2200000^a^4500
001 000380629
005 20250526000000.0
009 20260310120614.7
037 |a Acervo Xavier Clavigero 
041 |a LAT 
082 |a 260.  |b CAN V. 1 
100 |a Cano, Melchor,  |c Fray  |e (autor) 
240 1 1 |a [Obras de Melchor Cano] 
245 1 0 |a Opera [de Melchor Cano] :  |b tomus I /  |c M. Cano ; pref. y pról. de H. Serry. 
264 |a Madrid, España :  |b Benedicti Cano,  |c 1792 
300 |a LX, 483 p. ;  |c 21.0 cm. 
336 |a texto  |b txt  |2 rdacontenido 
337 |a sin mediación  |b n  |2 rdamedio 
338 |a volumen  |b nc  |2 rdasoporte 
501 |a Encuadernación particular 
561 |a Ex libris de Manuel M. Monterrubio 
562 |a Falta cubierta 
649 |a XX 
650 |a Iglesia Católica -  |x Autoridad -  |x Tema Principal 
650 |a Eclesiología -  |x Tema Principal 
650 |a Teología Práctica -  |x Tema Principal 
650 |a Catolicismo 
650 |a Cristianismo 
650 |a Religión 
700 |a Serry, Hyacintho  |e (prefacio y prólogo) 
910 |a Fondo General 
920 |a Impresos - Libros 
930 |a Libros Antiguos y Raros 
905 |a 108 
901 |a 0500275665  |b IT2  |c LRA  |u 20250526 
902 |a https://opac.biblio.iteso.mx/vufind/Record/000380629